000 00342pab a2200145 454500
008 180718b2005 xxu||||| |||| 00| 0 eng d
100 _aSarker, Subhash Chandra
245 _a"Reform" of the United Nations
260 _c2005
300 _ap.9-15.
362 _a18 Jun
650 _aUnited Nations
773 _aMainstream
909 _a65703
999 _c65703
_d65703